| 000 | 00457 a2200157 4500 | ||
|---|---|---|---|
| 005 | 20250625113011.0 | ||
| 020 | _a0-8384-0224-4 | ||
| 082 | _a808.042 SMA | ||
| 100 | _aSMALLEY, R. L. | ||
| 245 | _aInstructor's Manual Refining Composition Skills: Rhetoric and Grammar. | ||
| 250 | _a5th Ed. | ||
| 260 |
_aNew York. _bThomson Learning, _c2001. |
||
| 300 |
_av, 89p.: _b Index & References _c27cm |
||
| 700 | _aRUETTEN, M. K. KOZYREV, J. R. | ||
| 942 |
_2ddc _cBKS |
||
| 999 |
_c5029 _d5029 |
||